000 01047nas a2200349 4500
001 BR2018001682
003 BR-BrBNA
005 20231205131400.0
007 ta
008 230509b bl.|||p| |||| 00| 00por d
040 _aBR-BrBNA
_bpor
_cBiblioteca Nacional de Agricultura
041 _a(En)
072 _aL01; Q02
100 1 _aGarcia, R.G.
100 1 _aRoyer, A.F.
100 1 _aNääs, I.A.
100 1 _aBorille, R.
100 1 _aSantana, M.
100 1 _aCaldara, F.R.
245 1 _aBroiler pre-slaughter water diet with grass lemongrass (Cymbopogon Citratus Stapf)
650 _aFRANGO DE CORTE
650 _aCRIAÇÃO
650 _aDIETA
650 _aFITOTERAPIA
650 _aABATE
650 _aCARNE
650 _aQUALIDADE
773 0 _tBrazilian Journal of Poultry Science (Brazil)
_xISSN 1806-9061
_g(Oct-Dec 2017), v. 19(4) p. 725-731
_wBR2018001682
856 4 0 _uhttp://www.scielo.br/pdf/rbca/v19n4/1516-635X-rbca-19-04-00725.pdf
909 _a202311
_bLúcia
_c55
_dLúcia Elande
942 _2AGRIS
_n0
_cANA
999 _c254500
_d254500